[Event "ICS rated blitz match"]
[Site "204.178.125.65"]
[Date "1999.08.28"]
[Round "?"]
[White "Hossa"]
[Black "Zamok"]
[Result "1-0"]
[WhiteElo "2486"]
[BlackElo "2185"]
[PlyCount "109"]
[EventDate "1999.??.??"]

1. e4 c5 2. Nf3 d6 3. Bb5+ Nd7 4. O-O Ngf6 5. d3 a6 6. Bxd7+ Bxd7 7. Bg5 e6 8.
Bxf6 Qxf6 9. Nc3 Bc6 10. d4 cxd4 11. Nxd4 Rc8 12. Nxc6 Rxc6 13. f4 Be7 14. f5
O-O 15. Qd3 Qe5 16. fxe6 fxe6 17. Rxf8+ Bxf8 18. Rf1 Be7 19. Qe3 Qc5 20. Qxc5
Rxc5 21. Rd1 Kf8 22. g4 g6 23. a4 b5 24. axb5 axb5 25. Rd4 Ke8 26. Rb4 Bf6 27.
Nxb5 Kd7 28. Na3 Kc6 29. Kf2 Rg5 30. h3 h5 31. Kf3 hxg4+ 32. hxg4 Rc5 33. Nc4
Rb5 34. Rxb5 Kxb5 35. Nxd6+ Kc6 36. Nc4 Kc5 37. g5 Bg7 38. b3 Kd4 39. Nb2 Kc3
40. Na4+ Kxc2 41. Nc5 Be5 42. Nxe6 Kxb3 43. Nf8 Kc4 44. Nxg6 Bg7 45. Nf4 Kb5
46. Ne6 Be5 47. g6 Kc6 48. g7 Bxg7 49. Nxg7 Kd7 50. e5 Ke7 51. Ke4 Kf7 52. e6+
Kxg7 53. Ke5 Kf8 54. Kd6 Ke8 55. e7 {Zamok resigns} 1-0

[Event "ICS rated blitz match"]
[Site "204.178.125.65"]
[Date "1999.09.17"]
[Round "?"]
[White "Hossa"]
[Black "Zamok"]
[Result "1-0"]
[WhiteElo "2430"]
[BlackElo "2073"]
[Annotator "Fritz 5.32 (20s)"]
[PlyCount "49"]
[EventDate "1999.??.??"]

1. e4 1... c5 {Opening = B62 - 6.Bg5 e6 7.---} 2. Nf3 d6 3. d4 cxd4 4. Nxd4 Nf6
5. Nc3 Nc6 6. Bg5 e6 7. Bb5 Bd7 8. Bxf6 $11 (8. O-O 8... Be7 $11) (8. Qd2 Be7
9. O-O-O Qc7 10. Nf3 a6 11. Be2 Ne5 12. Nd4 h6 13. Bxf6 Bxf6 14. f4 Nc4 15.
Bxc4 Qxc4 16. Kb1 O-O-O 17. Rhe1 Bxd4 18. Qxd4 Qxd4 19. Rxd4 Bc6 20. Red1 20...
Kc7 {- Puc,S-Pirc,V/Belgrade 1948/EXT 99 (20)}) (8. Ba4 h6 9. Bh4 Be7 10. Ndb5
Qb8 11. Bxf6 Bxf6 12. Qxd6 Be5 13. Qxb8+ Rxb8 14. Rd1 a6 15. Nd6+ Ke7 16. Nxf7
Bxc3+ 17. bxc3 Rhf8 18. Bxc6 Bxc6 19. Ne5 Rfc8 20. Rd4 Be8 21. Kd2 Rc5 22. Nd3
22... Ra5 {Canal,J-Gligoric,S/Venedig 1949/MCL/[Ftacnik]/1-0 (82)}) 8... gxf6 (
8... Qxf6 9. Nf3 $11) 9. O-O 9... Nxd4 $14 (9... Qb6 10. Bxc6 bxc6 11. Nb3 $11)
10. Qxd4 Be7 11. Bxd7+ Qxd7 12. Rad1 12... a6 {Ueberdeckt b5} 13. Qb6 Qc6 14.
Qa5 Qc5 15. Qxc5 dxc5 16. Rd2 Rd8 17. Rfd1 17... O-O $16 (17... Rxd2 $5 {
ist eine gute Alternative} 18. Rxd2 18... Rg8 $11) 18. Rd7 Rfe8 19. Rxb7 Rxd1+
20. Nxd1 Kf8 21. Ne3 Rd8 22. a3 Ke8 23. Ra7 Rd6 24. Ra8+ 24... Rd8 $18 (24...
Bd8 25. Kf1 $16) 25. Rxa6 (25. Rxa6 Bd6 26. a4 $18) 1-0

[Event "ICS rated blitz match"]
[Site "204.178.125.65"]
[Date "1999.09.03"]
[Round "?"]
[White "Hossa"]
[Black "Zamok"]
[Result "1-0"]
[WhiteElo "2569"]
[BlackElo "2162"]
[PlyCount "68"]
[EventDate "1999.??.??"]

1. e4 c5 2. Nf3 d6 3. d4 cxd4 4. Qxd4 Bd7 5. Qd1 g6 6. Bc4 Nc6 7. Bg5 Bg7 8.
Nc3 Nf6 9. O-O O-O 10. Qd2 Bg4 11. Bh6 Bxf3 12. gxf3 Ne5 13. Be2 Rc8 14. Rad1
Nc4 15. Bxc4 Rxc4 16. Bxg7 Kxg7 17. Qe3 a6 18. e5 Ne8 19. a3 Rc6 20. Rfe1 e6
21. Rd4 d5 22. Rg4 Rc4 23. Rxc4 dxc4 24. Rd1 Qc8 25. Na4 Qc6 26. Nb6 Nc7 27.
Rd6 Qb5 28. Qd4 Nd5 29. Nxd5 exd5 30. e6+ Kg8 31. e7 Re8 32. Rxd5 Qc6 33. Rd8
b5 34. Rxe8+ 34... Qxe8 {Zamok resigns} 1-0

[Event "ICS rated blitz match"]
[Site "204.178.125.65"]
[Date "1999.09.03"]
[Round "?"]
[White "Hossa"]
[Black "Zamok"]
[Result "1-0"]
[WhiteElo "2553"]
[BlackElo "2126"]
[PlyCount "107"]
[EventDate "1999.??.??"]

1. e4 c5 2. Nf3 d6 3. d4 cxd4 4. Qxd4 Nf6 5. Nc3 Bd7 6. Qd1 Nc6 7. Be2 g6 8.
Bg5 Bg7 9. O-O O-O 10. Qd2 Re8 11. Bh6 a6 12. Bxg7 Kxg7 13. Qg5 Rc8 14. Nd2 Be6
15. Rac1 Na5 16. Rcd1 Nc4 17. Bxc4 Bxc4 18. Nxc4 Rxc4 19. Rfe1 Qc7 20. a3 b5
21. Qf4 e5 22. Qg5 Rxc3 23. bxc3 Qxc3 24. Qe3 Qc6 25. Qf3 Rc8 26. Re2 Ne8 27.
Qd3 Qc4 28. Qxc4 Rxc4 29. f3 Kf6 30. Rd3 Ke6 31. Kf2 Nf6 32. Red2 Rc6 33. g4
Nd7 34. h4 Nb6 35. g5 Nc4 36. Re2 Rb6 37. Kg3 a5 38. Re1 Nb2 39. Rb3 Nc4 40.
Rd1 a4 41. Rc3 Rc6 42. Kh3 Rb6 43. Rb1 Nd2 44. Rb4 Kd7 45. Rd3 Nc4 46. Kg3 Kc6
47. Kg4 Kc5 48. Rb1 b4 49. axb4+ Rxb4 50. Rd5+ Kc6 51. Rxb4 Ne3+ 52. Kg3 Nxd5
53. exd5+ Kxd5 54. Rxa4 {Zamok resigns} 1-0

[Event "ICS rated blitz match"]
[Site "204.178.125.65"]
[Date "1999.09.24"]
[Round "?"]
[White "Hossa"]
[Black "Zamok"]
[Result "1-0"]
[WhiteElo "2427"]
[BlackElo "2092"]
[PlyCount "89"]
[EventDate "1999.??.??"]

1. e4 c5 2. c3 d5 3. exd5 Qxd5 4. d4 Nf6 5. Nf3 e6 6. Bd3 Nc6 7. O-O Be7 8. c4
Qd6 9. dxc5 Qxc5 10. Be3 Qd6 11. Nc3 O-O 12. Qe2 a6 13. Rad1 Qc7 14. Na4 Nd7
15. Qc2 h6 16. Bh7+ Kh8 17. Be4 Nb4 18. Qb3 Rb8 19. Nc3 Nf6 20. Bb1 Bd7 21. Bd4
Nc6 22. Bb6 Qc8 23. Rfe1 Re8 24. Ne4 Nxe4 25. Bxe4 a5 26. Qd3 f5 27. Qxd7 fxe4
28. Rxe4 Nb4 29. Rxe6 Qxc4 30. Rxe7 Rxe7 31. Qxe7 Qc2 32. Qd6 Re8 33. Qd2 Qxd2
34. Rxd2 Nxa2 35. Bxa5 Nc1 36. Rd7 Nb3 37. Bc3 b5 38. Rxg7 b4 39. Re7+ bxc3 40.
Rxe8+ Kg7 41. bxc3 Nc5 42. Ne5 Kf6 43. Ng4+ Kg5 44. Rg8+ Kf5 45. Nxh6+ {
Zamok resigns} 1-0

[Event "ICS rated blitz match"]
[Site "204.178.125.65"]
[Date "1999.09.17"]
[Round "?"]
[White "Hossa"]
[Black "Zamok"]
[Result "1-0"]
[WhiteElo "2431"]
[BlackElo "2072"]
[Annotator "Fritz 5.32 (20s)"]
[PlyCount "41"]
[EventDate "1999.??.??"]

1. e4 1... c5 {Opening = B62 - 6.Bg5 e6 7.---} 2. Nf3 d6 3. d4 cxd4 4. Nxd4 Nf6
5. Nc3 Nc6 6. Bg5 e6 7. Bb5 Bd7 8. Bxf6 $11 (8. O-O 8... Be7 $11) (8. Qd2 Be7
9. O-O-O Qc7 10. Nf3 a6 11. Be2 Ne5 12. Nd4 h6 13. Bxf6 Bxf6 14. f4 Nc4 15.
Bxc4 Qxc4 16. Kb1 O-O-O 17. Rhe1 Bxd4 18. Qxd4 Qxd4 19. Rxd4 Bc6 20. Red1 20...
Kc7 {- Puc,S-Pirc,V/Belgrade 1948/EXT 99 (20)}) (8. Ba4 h6 9. Bh4 Be7 10. Ndb5
Qb8 11. Bxf6 Bxf6 12. Qxd6 Be5 13. Qxb8+ Rxb8 14. Rd1 a6 15. Nd6+ Ke7 16. Nxf7
Bxc3+ 17. bxc3 Rhf8 18. Bxc6 Bxc6 19. Ne5 Rfc8 20. Rd4 Be8 21. Kd2 Rc5 22. Nd3
22... Ra5 {Canal,J-Gligoric,S/Venedig 1949/MCL/[Ftacnik]/1-0 (82)}) 8... Qxf6
9. Nce2 a6 10. Ba4 b5 11. Bb3 Nxd4 12. Nxd4 $15 (12. Qxd4 $5 12... Be7 13. c3
$11) 12... Qg6 $11 (12... Qe5 13. O-O $15) 13. Qf3 Qf6 14. Qxf6 gxf6 15. f4 Be7
16. f5 {Weiss erobert Raum} 16... Rc8 17. O-O-O 17... O-O $2 $18 (17... e5 $142
{ist noch spielbar} 18. Nf3 18... a5 $14) 18. fxe6 Be8 19. Nf5 Rc7 20. exf7+
Bxf7 21. Nh6+ (21. Nh6+ Kg7 22. Nxf7 (22. Bxf7 $6 22... Kxh6 23. Be6 23... Rc5
$18) 22... Rxf7 23. Bxf7 Kxf7 24. Rd5 $18) 1-0

[Event "ICS rated blitz match"]
[Site "204.178.125.65"]
[Date "1999.09.14"]
[Round "?"]
[White "Hossa"]
[Black "Zamok"]
[Result "1-0"]
[WhiteElo "2387"]
[BlackElo "2103"]
[PlyCount "79"]
[EventDate "1999.??.??"]

1. Nf3 d5 2. d4 Nf6 3. Bg5 Ne4 4. Bf4 e6 5. Nbd2 Nxd2 6. Nxd2 Bd6 7. Bxd6 Qxd6
8. e3 e5 9. c3 e4 10. a3 O-O 11. c4 c6 12. Rc1 Be6 13. Be2 Nd7 14. O-O f5 15.
Qb3 Rab8 16. cxd5 Bxd5 17. Qa4 a6 18. Nc4 Bxc4 19. Bxc4+ Kh8 20. Qb3 Nf6 21. f3
exf3 22. Rxf3 Ne4 23. Qd3 b5 24. Ba2 c5 25. Rcf1 c4 26. Qe2 g6 27. Bb1 Rfe8 28.
Rf4 Qd5 29. Qf3 Nf6 30. Qh3 Ne4 31. Bc2 a5 32. Qh6 b4 33. Rh4 Rb7 34. Qxg6 Rg8
35. Qxf5 Qxf5 36. Rxf5 Nd6 37. Rxa5 c3 38. Rah5 bxa3 39. Rxh7+ Rxh7 40. Rxh7# {
Zamok checkmated} 1-0

[Event "ICS rated blitz match"]
[Site "204.178.125.65"]
[Date "1999.08.28"]
[Round "?"]
[White "Hossa"]
[Black "Zamok"]
[Result "1-0"]
[WhiteElo "2476"]
[BlackElo "2195"]
[PlyCount "44"]
[EventDate "1999.??.??"]

1. e4 c5 2. Nf3 d6 3. Bb5+ Nd7 4. O-O Ngf6 5. d3 a6 6. Bxd7+ Bxd7 7. Bg5 e6 8.
Bxf6 Qxf6 9. Nc3 Be7 10. Rb1 O-O 11. Qe2 Bc6 12. Qe3 d5 13. exd5 exd5 14. d4
Rfe8 15. dxc5 Bd6 16. Qd3 Bxc5 17. Nxd5 Qd6 18. Rbd1 Rad8 19. c4 b5 20. Ng5 g6
21. Ne4 Rxe4 22. Qxe4 22... Bxd5 {Zamok resigns} 1-0

[Event "ICS rated blitz match"]
[Site "204.178.125.65"]
[Date "1999.09.13"]
[Round "?"]
[White "Hossa"]
[Black "Zamok"]
[Result "1-0"]
[WhiteElo "2372"]
[BlackElo "2102"]
[PlyCount "92"]
[EventDate "1999.??.??"]

1. e4 c5 2. Nf3 d6 3. d4 cxd4 4. Nxd4 Nf6 5. Nc3 Nc6 6. Bg5 e6 7. Bb5 Bd7 8.
Bxf6 Qxf6 9. Nce2 a6 10. Ba4 b5 11. Bb3 Be7 12. O-O O-O 13. a4 b4 14. f3 Qe5
15. Nxc6 Bxc6 16. Qd4 Qxd4+ 17. Nxd4 Bd7 18. Rfd1 Rfc8 19. a5 Rc5 20. Ba4 Bxa4
21. Rxa4 Rb8 22. Rd2 Kf8 23. Nb3 Rc6 24. g3 Bf6 25. Ra2 Rbc8 26. Na1 Ke7 27.
Kf2 Rc4 28. Ke3 g6 29. h4 h5 30. Rd1 Be5 31. f4 Bf6 32. Rd2 R8c6 33. Kd3 Rd4+
34. Ke3 Rxd2 35. Kxd2 Bd4 36. Ke2 d5 37. Kf3 dxe4+ 38. Kxe4 Bf6 39. Kd3 Kd6 40.
Nb3 Kd5 41. Nd2 e5 42. fxe5 Bxe5 43. Nf1 f5 44. Ra4 Rc4 45. Ne3+ Kc5 46. Nxc4
46... Kb5 {Zamok resigns} 1-0

[Event "ICS rated blitz match"]
[Site "204.178.125.65"]
[Date "1999.09.19"]
[Round "?"]
[White "Hossa"]
[Black "Zamok"]
[Result "1-0"]
[WhiteElo "2584"]
[BlackElo "2058"]
[PlyCount "103"]
[EventDate "1999.??.??"]

1. d4 Nf6 2. c4 e6 3. Nc3 Bb4 4. e3 b6 5. Bd2 Bb7 6. Nge2 O-O 7. a3 Be7 8. Nf4
d5 9. cxd5 exd5 10. Be2 Bd6 11. Nd3 Nbd7 12. O-O Ne4 13. Nb5 Ndf6 14. Nxd6 Nxd6
15. Rc1 Ba6 16. Ne5 Bxe2 17. Qxe2 Nfe4 18. f3 Nxd2 19. Qxd2 f6 20. Nc6 Qd7 21.
b3 a5 22. a4 Rf7 23. Qc2 Nc4 24. bxc4 Qxc6 25. cxd5 Qxd5 26. Rfd1 Qd7 27. e4
Rd8 28. d5 Re7 29. Qc4 Qd6 30. Qc6 Qxc6 31. Rxc6 Rdd7 32. g4 Kf8 33. h4 Ke8 34.
h5 h6 35. Rdc1 Kd8 36. R1c4 Re5 37. Kg2 Ree7 38. Kf2 Rf7 39. f4 Rfe7 40. Kg3
Rf7 41. Kf3 Rfe7 42. Rc3 Rf7 43. Ke3 Rfe7 44. Kd4 Rf7 45. Rc2 Rfe7 46. e5 fxe5+
47. fxe5 Rf7 48. e6 Rf4+ 49. Ke5 Rxg4 50. exd7 Rg5+ 51. Ke6 Rxh5 52. Rxc7 {
Zamok resigns} 1-0

[Event "ICS rated blitz match"]
[Site "204.178.125.65"]
[Date "1999.08.31"]
[Round "?"]
[White "Hossa"]
[Black "Zamok"]
[Result "1-0"]
[WhiteElo "2563"]
[BlackElo "2153"]
[PlyCount "41"]
[EventDate "1999.??.??"]

1. d4 Nf6 2. c4 e6 3. Nc3 Bb4 4. e3 b6 5. Bd2 Bb7 6. Nge2 O-O 7. a3 Bxc3 8.
Nxc3 d6 9. b4 Nbd7 10. a4 c5 11. bxc5 dxc5 12. Bc1 cxd4 13. exd4 Qe7 14. Ba3
Qd8 15. Bxf8 Qxf8 16. Nb5 a6 17. Nc3 Qb4 18. Qd2 Rd8 19. a5 Nc5 20. axb6 Qxb6
21. dxc5 {Zamok resigns} 1-0

[Event "ICS rated blitz match"]
[Site "204.178.125.65"]
[Date "1999.09.17"]
[Round "?"]
[White "Hossa"]
[Black "Zamok"]
[Result "1-0"]
[WhiteElo "2422"]
[BlackElo "2081"]
[Annotator "Fritz 5.32 (20s)"]
[PlyCount "57"]
[EventDate "1999.??.??"]

1. e4 1... c5 {Opening = B62 - 6.Bg5 e6 7.---} 2. Nf3 d6 3. d4 cxd4 4. Nxd4 Nf6
5. Nc3 Nc6 6. Bg5 e6 7. Bb5 Bd7 8. Bxf6 $11 (8. O-O 8... Be7 $11) (8. Qd2 Be7
9. O-O-O Qc7 10. Nf3 a6 11. Be2 Ne5 12. Nd4 h6 13. Bxf6 Bxf6 14. f4 Nc4 15.
Bxc4 Qxc4 16. Kb1 O-O-O 17. Rhe1 Bxd4 18. Qxd4 Qxd4 19. Rxd4 Bc6 20. Red1 20...
Kc7 {- Puc,S-Pirc,V/Belgrade 1948/EXT 99 (20)}) (8. Ba4 h6 9. Bh4 Be7 10. Ndb5
Qb8 11. Bxf6 Bxf6 12. Qxd6 Be5 13. Qxb8+ Rxb8 14. Rd1 a6 15. Nd6+ Ke7 16. Nxf7
Bxc3+ 17. bxc3 Rhf8 18. Bxc6 Bxc6 19. Ne5 Rfc8 20. Rd4 Be8 21. Kd2 Rc5 22. Nd3
22... Ra5 {Canal,J-Gligoric,S/Venedig 1949/MCL/[Ftacnik]/1-0 (82)}) 8... Qxf6
9. Nce2 a6 10. Ba4 b5 11. Bb3 Qg6 12. Ng3 Be7 13. Nde2 O-O 14. O-O Qf6 15. c3 {
Sichert b4+d4} 15... Ne5 $14 (15... Na5 16. Nd4 $11) 16. a4 $11 (16. f4 Ng4 17.
Qd3 17... Bc6 $11) 16... Nc4 17. Qc2 Rfc8 18. Ra2 $15 (18. axb5 axb5 19. Rfd1
Rxa1 20. Rxa1 20... d5 $11) 18... b4 $11 (18... Na5 $5 $15) 19. Bxc4 Rxc4 20.
Qd3 Rac8 21. b3 Rxc3 22. Nxc3 Qxc3 23. Rd2 Qxd3 24. Rxd3 24... Rc3 $16 (24...
Rc2 $5 $14 $142 {muss unbedingt geprueft werden}) 25. Rxc3 bxc3 26. Rc1 Bf6 27.
Ne2 27... Bc6 $18 (27... Kf8 28. Nxc3 Ke7 29. Ne2 $18) 28. Nxc3 Kf8 29. Nd5 (
29. Nd5 Bxd5 30. exd5 $18) 1-0

[Event "ICS rated blitz match"]
[Site "204.178.125.65"]
[Date "1999.09.14"]
[Round "?"]
[White "Hossa"]
[Black "Zamok"]
[Result "1-0"]
[WhiteElo "2403"]
[BlackElo "2099"]
[PlyCount "60"]
[EventDate "1999.??.??"]

1. Nf3 c5 2. e4 d6 3. d4 cxd4 4. Nxd4 Nf6 5. Bb5+ Bd7 6. Nc3 Bxb5 7. Ndxb5 a6
8. Nd4 g6 9. O-O Bg7 10. Bg5 O-O 11. Qd2 Nc6 12. Nxc6 bxc6 13. Bh6 Qb6 14. Rab1
a5 15. Bxg7 Kxg7 16. Qg5 a4 17. e5 dxe5 18. Qxe5 Qb4 19. Rfe1 Rfe8 20. Re4 Qd6
21. Qxd6 exd6 22. Rxa4 Rxa4 23. Nxa4 Re2 24. Rc1 Nd5 25. Kf1 Re4 26. b3 Kf6 27.
c4 Nb4 28. a3 Nd3 29. Rd1 Rd4 30. Nb2 30... Nxb2 {Zamok resigns} 1-0

[Event "ICS rated blitz match"]
[Site "204.178.125.65"]
[Date "1999.08.28"]
[Round "?"]
[White "Hossa"]
[Black "Zamok"]
[Result "1-0"]
[WhiteElo "2464"]
[BlackElo "2207"]
[PlyCount "91"]
[EventDate "1999.??.??"]

1. e4 c5 2. Nf3 d6 3. Bb5+ Nd7 4. O-O Ngf6 5. d3 a6 6. Bxd7+ Bxd7 7. Bg5 e6 8.
Bxf6 Qxf6 9. Nc3 Be7 10. Rb1 Bc6 11. Qe2 O-O 12. Qe3 Rfe8 13. e5 Qf5 14. Ne4
Bxe4 15. dxe4 Qh5 16. exd6 Bxd6 17. e5 Bf8 18. Qe4 Qf5 19. Qxb7 Qxc2 20. Ng5
Qg6 21. f4 h6 22. Ne4 Reb8 23. Qc6 Rc8 24. Qa4 Rab8 25. Nf2 c4 26. Qxa6 Bc5 27.
Rbc1 Qd3 28. Kh1 Bxf2 29. Rxf2 Qe3 30. Rcf1 Rd8 31. Qxc4 Rbc8 32. Qe2 Qa7 33.
Ra1 Rd7 34. Rff1 Rcd8 35. Qf2 Qxf2 36. Rxf2 Rd1+ 37. Rf1 R1d2 38. b4 Rb2 39. a3
Rdd2 40. Rg1 Rf2 41. Raf1 Rfe2 42. Rf3 Kf8 43. Rc3 Ke8 44. Rc8+ Kd7 45. Rgc1
Ke7 46. R1c7# {Zamok checkmated} 1-0

[Event "ICS rated blitz match"]
[Site "204.178.125.65"]
[Date "1999.08.31"]
[Round "?"]
[White "Hossa"]
[Black "Zamok"]
[Result "1-0"]
[WhiteElo "2551"]
[BlackElo "2165"]
[PlyCount "83"]
[EventDate "1999.??.??"]

1. d4 Nf6 2. c4 e6 3. Nc3 Bb4 4. e3 b6 5. Bd2 Bb7 6. Nge2 O-O 7. a3 Be7 8. Nf4
d6 9. Be2 Nbd7 10. O-O e5 11. Nd3 e4 12. Nf4 Re8 13. b4 Nf8 14. a4 a5 15. b5
Ng6 16. Nfd5 Bxd5 17. cxd5 Bf8 18. Rc1 Ra7 19. Bc4 Qd7 20. f3 exf3 21. Qxf3
Raa8 22. e4 Qg4 23. Qxg4 Nxg4 24. Rf5 Nf6 25. Bd3 Re7 26. Bg5 Rae8 27. Bxf6
gxf6 28. Ne2 Bh6 29. Rc6 Kg7 30. Rf1 Be3+ 31. Kh1 Bh6 32. Ng3 Nh4 33. Nh5+ Kh8
34. Nxf6 Rf8 35. e5 dxe5 36. Nxh7 Rg8 37. Rxh6 Kg7 38. Rxh4 Rh8 39. Rg4+ Kh6
40. Rf6+ Kh5 41. Rg5+ Kh4 42. Rh6# {Zamok checkmated} 1-0

[Event "ICS rated blitz match"]
[Site "204.178.125.65"]
[Date "1999.10.03"]
[Round "?"]
[White "Hossa"]
[Black "Zamok"]
[Result "1-0"]
[WhiteElo "2383"]
[BlackElo "2051"]
[PlyCount "57"]
[EventDate "1999.??.??"]

1. e4 c5 2. c3 d5 3. exd5 Qxd5 4. d4 Nf6 5. Nf3 e6 6. Na3 Nc6 7. Nb5 Qd8 8.
dxc5 Qxd1+ 9. Kxd1 Rb8 10. Be3 a6 11. Nd6+ Bxd6 12. cxd6 O-O 13. Kc2 Ng4 14. h3
Nxe3+ 15. fxe3 Rd8 16. Rd1 e5 17. Bd3 Be6 18. Ng5 h6 19. Nxe6 fxe6 20. Bc4 Kh7
21. Bxe6 b5 22. Rhf1 Rf8 23. Bd5 Rxf1 24. Rxf1 Nd8 25. Rf8 Nc6 26. Be4+ g6 27.
Rf7+ Kg8 28. Bd5 Rc8 29. Rc7+ {Zamok resigns} 1-0

[Event "ICS rated blitz match"]
[Site "204.178.125.65"]
[Date "1999.09.04"]
[Round "?"]
[White "Hossa"]
[Black "Zavros"]
[Result "1-0"]
[WhiteElo "2499"]
[BlackElo "2318"]
[PlyCount "49"]
[EventDate "1999.??.??"]

1. e4 e5 2. Nf3 Nc6 3. Bb5 a6 4. Ba4 Nf6 5. O-O Be7 6. Re1 b5 7. Bb3 O-O 8. c3
d5 9. exd5 Nxd5 10. Nxe5 Nxe5 11. Rxe5 c6 12. Bxd5 cxd5 13. d4 Bd6 14. Re3 f5
15. Nd2 f4 16. Re1 Bf5 17. a4 f3 18. Qxf3 bxa4 19. Qxd5+ Kh8 20. Kh1 Bc2 21.
Nc4 Bc7 22. Qxd8 Bxd8 23. Bf4 Bf6 24. Nb6 Ra7 25. Nxa4 {Zavros resigns} 1-0

[Event "ICS rated blitz match"]
[Site "204.178.125.65"]
[Date "1999.09.02"]
[Round "?"]
[White "Hossa"]
[Black "Zimbele"]
[Result "1-0"]
[WhiteElo "2483"]
[BlackElo "2286"]
[PlyCount "135"]
[EventDate "1999.??.??"]

1. e4 c5 2. Nf3 Nc6 3. d4 cxd4 4. Nxd4 Qb6 5. Nxc6 bxc6 6. Nc3 d6 7. Bc4 Nf6 8.
Be2 e6 9. O-O Be7 10. b3 O-O 11. Ba3 Qc7 12. Qd3 d5 13. Bxe7 Qxe7 14. Rad1 Bb7
15. Bf3 Rfd8 16. e5 Nd7 17. Rfe1 a5 18. Qd4 c5 19. Qg4 Bc6 20. a4 h6 21. Qh5
Nf8 22. Ne2 Qg5 23. Qxg5 hxg5 24. Nc3 Rac8 25. Be2 Ng6 26. Ba6 Rc7 27. Rd2 Kf8
28. Bd3 Nf4 29. Bb5 Ke7 30. Bxc6 Rxc6 31. Rb1 Ng6 32. Re2 Rb8 33. Nb5 f6 34.
exf6+ gxf6 35. Rbe1 e5 36. Rd1 d4 37. Kf1 c4 38. Nxd4 Rc5 39. Nf5+ Ke6 40. Ng7+
Kf7 41. Rd7+ Kg8 42. Ne6 Rc6 43. Rg7+ Kh8 44. Rxg6 Rxe6 45. Rh6+ Kg7 46. Rh3
cxb3 47. Rxb3 Rxb3 48. cxb3 Rb6 49. Re3 Rb4 50. Rd3 Kg6 51. Rd5 Rxb3 52. Rxa5
g4 53. Rb5 Ra3 54. Rb4 Kg5 55. g3 f5 56. Rc4 Ra2 57. Kg1 e4 58. Rd4 Kf6 59.
Rd6+ Ke5 60. Ra6 Kd4 61. Ra5 Kd3 62. Rd5+ Ke2 63. Rxf5 Rxa4 64. Rf4 e3 65. fxe3
Ra1+ 66. Kg2 Kxe3 67. Rxg4 Ra2+ 68. Kh3 {Zimbele resigns} 1-0

[Event "ICS rated blitz match"]
[Site "204.178.125.65"]
[Date "1999.09.03"]
[Round "?"]
[White "Hossa"]
[Black "Zimbele"]
[Result "1-0"]
[WhiteElo "2509"]
[BlackElo "2261"]
[PlyCount "37"]
[EventDate "1999.??.??"]

1. e4 c5 2. Nf3 Nc6 3. d4 cxd4 4. Nxd4 Qb6 5. Nxc6 bxc6 6. Nc3 d6 7. Bc4 Nf6 8.
Be2 e6 9. O-O Be7 10. b3 O-O 11. Ba3 Rd8 12. Qe1 Qc7 13. Rd1 d5 14. Bxe7 Qxe7
15. e5 Nd7 16. f4 Qc5+ 17. Kh1 Nf8 18. Qh4 Rb8 19. Qxd8 {Zimbele resigns} 1-0

[Event "ICS rated blitz match"]
[Site "204.178.125.65"]
[Date "1999.10.12"]
[Round "?"]
[White "Hossa"]
[Black "Zippy"]
[Result "0-1"]
[WhiteElo "2366"]
[BlackElo "2274"]
[PlyCount "111"]
[EventDate "1999.??.??"]

1. Nf3 d5 2. g3 Nf6 3. Bg2 Nc6 4. d4 Bf5 5. O-O e6 6. Bg5 h6 7. Bxf6 Qxf6 8. e3
O-O-O 9. c3 g5 10. Nbd2 Bd3 11. Re1 g4 12. Nh4 h5 13. Rc1 e5 14. a3 Kb8 15. c4
Bxc4 16. Nxc4 dxc4 17. Rxc4 Na5 18. Ra4 Nc6 19. Qb3 exd4 20. Rxd4 Be7 21. Rc1
Rxd4 22. exd4 Nd8 23. Re1 Bd6 24. Qd3 c6 25. Qe4 Bc7 26. Nf5 Ne6 27. Rd1 Rd8
28. d5 cxd5 29. Rxd5 Qxb2 30. Rxd8+ Nxd8 31. a4 Qa1+ 32. Bf1 Qd1 33. Ne3 Qd6
34. Nd5 Qe5 35. Qd3 Ba5 36. Qb5 Nc6 37. Nf4 h4 38. Qc4 Qf6 39. Nd5 Qd6 40. Be2
hxg3 41. fxg3 f5 42. Qb5 Qe5 43. Bd3 Qe1+ 44. Kg2 Nd4 45. Qb2 Qe5 46. Nf4 Bb6
47. Qa1 Qe3 48. Qd1 Nf3 49. Qf1 Ne1+ 50. Kh1 Nxd3 51. h3 Nxf4 52. Qxf4+ Qxf4
53. gxf4 gxh3 54. Kh2 Be3 55. Kxh3 a5 56. Kg3 {Hossa resigns} 0-1